The X Factor: Stereo Kicks Quiz Stats

Quiz not verified by Sporcle

Challenge
Share
Tweet
Embed
Score 0/12 Timer 03:00
0 Plays Today
Week Song % Correct
Week 3Let It Be/Hey Jude
80.4%
Week 8Run
78.3%
Week 1Roar
73.9%
Week 4Everybody (Backstreet's Back)
69.6%
Week 6Mack the Knife
65.2%
Week 5You Are Not Alone
63%
Week 8Just the Way You Are
63%
Sing-offPerfect
60.9%
Week 2The Boys of Summer
58.7%
Sing-offI Won't Give Up
52.2%
Week 7Don't Let the Sun Go Down on Me
50%
Sing-offI'll Stand by You
34.8%

You're not logged in!

Compare scores with friends on all Sporcle quizzes.
Sign Up with Email
OR
Log In

You Might Also Like...

Show Comments

Extras

Top Quizzes Today


Score Distribution

Your Account Isn't Verified!

In order to create a playlist on Sporcle, you need to verify the email address you used during registration. Go to your Sporcle Settings to finish the process.